LEADER 01132nam0 2200289 450 001 000036814 005 20140618140948.0 100 $a20140618d1973----km-y0itaa50------ba 101 0 $agrc 102 $aDE 200 1 $aHecuba$fEuripides$gedidit Stephen G. Daitz 210 $aLeipzig$cBSB B. G. Teubner Verlagsgesellschaft$d1973 215 $aXXXVI, 102 p.$d21 cm 225 2 $aBibliotheca scriptorum Graecorum et Romanorum Teubneriana 410 0$12001$aBibliotheca scriptorum Graecorum et Romanorum Teubneriana 500 11$aHecuba / Euripides$919480 676 $a882.01$v(22. ed.)$9Dramma e poesia drammatica in greco classico. Origini-500 700 0$aEuripides$f<480-407 a.C.>$0229973 702 1$aDaitz,$bStephen G. 801 0$aIT$bUniversità della Basilicata - B.I.A.$gREICAT$2unimarc 912 $a000036814 996 $aHecuba$919480 997 $aUNIBAS CAT $aEXT013$b01$c20140618$lBAS01$h1408 CAT $aEXT013$b01$c20140618$lBAS01$h1409 FMT Z30 -1$lBAS01$LBAS01$mBOOK$1BASA1$APolo Storico-Umanistico$2GEN$BCollezione generale$3Class/1469$613019$5L13019$820140618$f02$FPrestabile Generale LEADER 02501nam 2200577 450 001 9910785809803321 005 20230919202835.0 010 $a84-9029-146-2 035 $a(CKB)2670000000254339 035 $a(OCoLC)823656073 035 $a(CaPaEBR)ebrary10592739 035 $a(SSID)ssj0000992541 035 $a(PQKBManifestationID)11520587 035 $a(PQKBTitleCode)TC0000992541 035 $a(PQKBWorkID)10934594 035 $a(PQKB)11030659 035 $a(MiAaPQ)EBC3201762 035 $a(OCoLC)929374940 035 $a(FlNmELB)ELB59720 035 $a(MiAaPQ)EBC7075715 035 $a(Au-PeEL)EBL7075715 035 $a(EXLCZ)992670000000254339 100 $a20230919d2011 uy 0 101 0 $aspa 135 $aurcn||||||||| 181 $ctxt 182 $cc 183 $acr 200 10$aDesafi?os a la heterosexualidad obligatoria /$fSara Marti?n Alegre 210 1$aBarcelona, Spain :$cEditorial UOC,$d[2011] 210 4$d©2011 215 $a1 online resource (87 p.) 225 1 $aColleccio? Textos del cuerpo ;$v7 300 $aBibliographic Level Mode of Issuance: Monograph 311 $a84-938802-7-2 330 $aPese a su importancia crucial en la construcción social y personal del género y la sexualidad, la heterosexualidad no ha sido analizada a fondo como tal. Al igual que ha sucedido con la masculinidad y la raza blanca, su normatividad la ha preservado del escrutinio al que debe ser sometida no sólo para privarla de esa posición normativa sino también para que podamos construir una nueva consciencia de su mutabilidad histórica que lleve a un modelo realmente igualitario de ciudadanía. Debemos, además, distinguir cuidadosamente entre la heterosexualidad, que puede ser perfectamente antipatriarcal y aliada de las personas LGTB, de la normatividad patriarcal que nos oprime a todos, heterosexuales incluidos. Construyamos, pues, una heterosexualidad desafiante y disidente, contraria a toda norma opresora y represora. 410 0$aTextos del cuerpo ;$v7. 606 $aSexual orientation 606 $aHeterosexuality 615 0$aSexual orientation. 615 0$aHeterosexuality. 676 $a306.764 700 $aMarti?n$b Sara$g(Marti?n Alegre),$01551010 712 02$ae-libro, Corp. 801 0$bMiAaPQ 801 1$bMiAaPQ 801 2$bMiAaPQ 906 $aBOOK 912 $a9910785809803321 996 $aDesafi?os a la heterosexualidad obligatoria$93810290 997 $aUNINA